000 01827cam a22004334i 4500
003 PE-LiUPU
005 20250731173140.0
008 150623s r 000 0 d
035 _a(Sirsi) a27364
040 _aPE-LiUPU
_bspa
_cPE-LiUPU
_erda
082 0 4 _a241
_bS74
_221
100 1 _aSiker, Jeffrey S.,
_eautor.
245 1 0 _aScripture and ethics :
_btwentieth-century portraist /
_cJeffrey S. Siker.
264 1 _aNew York :
_bOxford University Press,
_c1997.
300 _a294 páginas ;
_c23 cm.
336 _atext
_2rdacontent
337 _aunmediated
_2rdamedia
338 _avolume
_2rdacarrier
505 0 _aIntroduction. Reinhold niebuhr: scripture as symbol. H. Richard Niebuhr: confessing with scripture. Bernard Haring: the freedom of responsive love. Paul Ramsey: obedient covenant love. Stanley Hauerwas: the community story of Israel and Jesus. Gustavo Gutiérrez: liberanting scriptures of the poor. James Cone: scripture in African American liberation. Rosemary Radford Ruether: scripture in feminist perspective. Coclusion.
526 _aSEG42
526 _aSEG41
526 _aSEG40
526 _aSEG39
526 _aP94
526 _aP87
526 _aP86
526 _aP85
526 _aP77
526 _aP76
526 _aP35
650 0 4 _aEtica en la biblia.
650 0 4 _aEtica cristiana
_xHistoria
_ySiglo XX.
650 0 4 _aEtica cristiana
_xMetodología.
942 _2ddc
_cBOOK
949 _a241 S74
_wDEWEY
_c1
_i52643
_lCCODEBUL1
_mBUL
_p08.00
_r0
_sY
_tBOOK
_u2015-06-24
_xTEOLOGIA
_PP35
_0COMPRA
_o.STAFF. Colección General
596 _a1
999 _a241 S74
_wDEWEY
_c34496
_i52643
_f2021-11-10
_g5
_lCCODEBUL1
_mBUL
_p8.00
_r0
_sY
_tBOOK
_u2015-6-24
_xTEOLOGIA
_PP35
_0COMPRA
_o.STAFF. Colección General
_d34496
980 _81
_gALBERTO SANCHEZ Responsable de Automatización